| 000 | 00830nam a2200253Ia 4500 | ||
|---|---|---|---|
| 003 | OSt | ||
| 005 | 20221005103633.0 | ||
| 006 | a|||||r|||| 00| 0 | ||
| 007 | ta | ||
| 008 | 221004b |||||||| |||| 00| 0 hin d | ||
| 024 | _a109342 | ||
| 037 | _cTextual | ||
| 040 |
_aCRL _cCRL _bhin |
||
| 041 |
_2hin _ahin |
||
| 082 | _aO142,31M60,2, 152M5 | ||
| 100 | _aयादव, राजेन्द्र, अनु. | ||
| 245 | 0 | _aहंसनी | |
| 246 | _aHansanī | ||
| 260 |
_aदिल्ली _bअक्षर प्रकाशन प्रा. लि. भारत _c1985 |
||
| 300 |
_a110पृ0 _ccm. |
||
| 650 | _aहिन्दी साहित्य | ||
| 942 |
_hO142,31M60,2, 152M5 _cTEXL _2cc |
||
| 999 |
_c1010471 _d1010471 |
||